Recopilación de Tratados

Kaydedildi:
Detaylı Bibliyografya
Müşterek Yazar: Unión Europea
Materyal Türü: Metin
Baskı/Yayın Bilgisi: Bruselas: CEE
Etiketler: Etiketle
Etiket eklenmemiş, İlk siz ekleyin!

MARC

LEADER 00000 a a2200000 04500
001 23279
003
040
020 |a 92-824-1236-9   |a 92-824-1176-1  
090 |a 161100  
110 |a Unión Europea  
245 |a Recopilación de Tratados  
260 |a Bruselas:   |b CEE  
300 |a Tomo 1 en 2 vol.  
999 |c 10254  |d 10254